| 000 | 00518nam a2200181 u 4500 | ||
|---|---|---|---|
| 005 | 20220812064015.0 | ||
| 008 | 071204s2005 ag r 000 0 spa d | ||
| 020 | _a9505077289 | ||
| 035 | _aUPN01000153788 | ||
| 049 | _aCG | ||
| 050 | 4 |
_aLB1027 _bM6.386 |
|
| 100 | 1 | _aMoschen, Juan Carlos | |
| 245 | 1 | 0 |
_aInnovación educativa : _bdecisión y búsqueda permanente / _cJuan Carlos Moschen. |
| 260 |
_aBuenos Aires : _bBonum, _c2005. |
||
| 300 | _a158 p. | ||
| 650 | 4 |
_aInnovaciones educativas _9386 |
|
| 905 | _aLibro | ||
| 999 |
_c125909 _d125909 |
||